000 00626nam a2200145 a 4500
008 071025s2006 ||||||||||||||||| || u
050 _aUNAIDS(02)
110 _aUnited Nations Economic and Social Affairs (UNESA)
245 1 0 _aScaling up access to HIV prevention, treatment, care and support:the next steps
_cby United Nations
260 _aNew York:
_bUNITED NATIONS
_c2006
300 _a47p.: ill.
350 _a0.00
650 _aHIV PREVENTION
995 _D0.00
_FCBU-MAIN LIBRARY (Kitwe)
_H1
_I0.00
_M1
_UAVAILABLE
_WAug 25, 2008
_ZInternational Publications
999 _c56991
_d56991